Schaum's outlines college chemistry / (Record no. 99911)

MARC details
000 -LEADER
fixed length control field 00803nam a22002537a 4500
005 - DATE AND TIME OF LATEST TRANSACTION
control field 20160517103727.0
010 ## - LCCN (DPL NO)
LC control number ENG-115090
020 ## - INTERNATIONAL STANDARD BOOK NUMBER
International Standard Book Number 9789339223168
Terms of availability 515.00
020 ## - INTERNATIONAL STANDARD BOOK NUMBER
International Standard Book Number 9339223160
Terms of availability 515.00
035 ## - SYSTEM CONTROL NUMBER
System control number EN-98622
037 ## - SOURCE OF ACQUISITION
Source of stock number/acquisition DBAD/PUB
082 ## - DEWEY DECIMAL CLASSIFICATION NUMBER
Classification number 540.76
100 ## - MAIN ENTRY--PERSONAL NAME
Personal name Rosenberg, Jerome L.
245 ## - TITLE STATEMENT
Title Schaum's outlines college chemistry /
Statement of responsibility, etc by Jerome L. Rosenberg, Lawrence M. Epstein [and] Peter J. Krieger
250 ## - EDITION STATEMENT
Edition statement 10th ed
260 ## - PUBLICATION, DISTRIBUTION, ETC. (IMPRINT)
Place of publication, distribution, etc New Delhi
Name of publisher, distributor, etc McGraw Hill Education
Date of publication, distribution, etc 2015
270 ## - ADDRESS
Address P-24, Green Park Extension,
City New Delhi
Postal code 110016
300 ## - PHYSICAL DESCRIPTION
Extent xi,391p. :
Dimensions 26cm(pbk)
Other physical details ill.
490 ## - SERIES STATEMENT
Series statement Schaum's outline series
500 ## - GENERAL NOTE
General note Includes index
700 ## - ADDED ENTRY--PERSONAL NAME
Personal name Epstein, Lawrence M.
700 ## - ADDED ENTRY--PERSONAL NAME
Personal name Krieger, Peter J.
942 ## - ADDED ENTRY ELEMENTS (KOHA)
Source of classification or shelving scheme Dewey Decimal Classification
Item type English Books
Classification part 540.76
Call number suffix ROS
Holdings
Withdrawn status Lost status Not for loan Collection code Home library Current library Date acquired Source of acquisition Cost, normal purchase price Full call number Barcode Copy number Cost, replacement price Koha item type
      Non-fiction Katevara Katevara 10/05/2016 DBAD/PUB 515.00 540.76 ROS EN-98622 1 515.00 English Books

© Delhi Public Library
Hit Counter
free hit counter